Sports Quiz

Random Sports or Football Quiz

NFL Super Bowl Passers Quiz Stats

 Plays Quiz Updated Feb 7, 2021

Support Sporcle.
Go Orange.
Score 0/89 Timer 10:00
0 Plays Today
Super Bowl Passer % Correct
XXXVI, XXVIII, XXXIX, XLII, XLVI, XLIX, LI, LII, LIII, LVTom Brady
94.7%
XLI, XLIV, XLVIII, 50Peyton Manning
94.5%
XLII, XLVIEli Manning
94.3%
LIV, LVPatrick Mahomes
85.2%
XVI, XIX, XXIII, XXIVJoe Montana
84%
XL, XLIII, XLVBen Roethlisberger
82.7%
XLVIII, XLIXRussell Wilson
82.4%
I, IIBart Starr
82.1%
XXXI, XXXIIBrett Favre
80%
XXIV, XXIXSteve Young
79.6%
XXXIV, XXXVI, XLIIIKurt Warner
79.4%
LIINick Foles
78.9%
XLIVDrew Brees
78.9%
XXI, XXII, XXIV, XXXII, XXXIIIJohn Elway
78.5%
IX, X, XIII, XIVTerry Bradshaw
77%
XXVII, XXVIII, XXXTroy Aikman
76%
LIMatt Ryan
75%
50Cam Newton
74.4%
XLVIIJoe Flacco
73.1%
IIIJoe Namath
71.6%
XIXDan Marino
68.7%
XXV, XXVI, XXVII, XXVIIIJim Kelly
67.5%
LIIIJared Goff
66.6%
XXXIXDonovan McNabb
65.8%
XXXVIIBrad Johnson
63.7%
III, VJohnny Unitas
63.4%
VI, X, XII, XIIIRoger Staubach
63%
XLVIIColin Kaepernick
62.9%
XLMatt Hasselbeck
60.8%
XLAntwaan Randle El
60.6%
Super Bowl Passer % Correct
XXIPhil Simms
60.2%
LIVJimmy Garoppolo
60.2%
XXXVTrent Dilfer
59.9%
XXXVIIRich Gannon
57.6%
XLIRex Grossman
56.5%
XXXIVSteve McNair
56%
XXXIDrew Bledsoe
55.7%
XXIIDoug Williams
54.7%
XLVAaron Rodgers
52.5%
VIII, IX, XIFran Tarkenton
52.4%
XXXVIIIJake Delhomme
51.6%
XXJim McMahon
50.9%
LIJulian Edelman
49.9%
I, IVLen Dawson
49.4%
XXXVKerry Collins
49.2%
VI, VII, VIIIBob Griese
48.3%
XXIIIBoomer Esiason
47.2%
XIKen Stabler
45.6%
XVII, XVIIIJoe Theismann
44%
XV, XVIIIJim Plunkett
42%
XXVIMark Rypien
41%
XVIKen Anderson
36.9%
XXVJeff Hostetler
35.5%
LIITrey Burton
35.4%
XXXNeil O'Donnell
34.7%
XVRon Jaworski
32.6%
XXXIIIChris Chandler
32.1%
XLVIIITarvaris Jackson
31.5%
XXTony Eason
27.7%
XIIDanny White
27.2%
Super Bowl Passer % Correct
LIIDanny Amendola
26.9%
XXIXStan Humphries
26.3%
III, VEarl Morrall
25.3%
V, XIICraig Morton
23.8%
XXSteve Grogan
23%
IIDaryle Lamonica
22.9%
XXVI, XXVIIFrank Reich
18.4%
XIVVince Ferragamo
15.8%
IVJoe Kapp
14.7%
XVIIDavid Woodley
13.8%
VIIBilly Kilmer
13.5%
XXIXElvis Grbac
12%
XXXVTony Banks
10.1%
XXIIJay Schroeder
9.3%
XXI, XXIVGary Kubiak
7.5%
XVIIDon Strock
7.3%
XXSteve Fuller
5.8%
XIIRobert Newhouse
5.2%
IZeke Bratkowski
4%
XIBob Lee
3.9%
XIVLawrence McCutcheon
3.5%
XIINorris Weese
3.2%
XXIXGale Gilbert
2.5%
IIIBabe Parilli
2.4%
XXIISteve Sewell
2.2%
IVGary Cuozzo
2.2%
XXIXBill Musgrave
1.6%
IPete Beathard
1.6%
VSam Havrilak
1.3%

From the Vault

See or Sea?

by NYYanks

On this quiz being a 'C' student works to your advantage.
Remove Ads.
Support Sporcle.
Get the best of Sporcle when you Go Orange. This ad-free experience offers more features, more stats, and more fun while also helping to support Sporcle. Thank you for becoming a member.

Show Comments

Extras

Top Quizzes Today


Score Distribution

Your Account Isn't Verified!

In order to create a playlist on Sporcle, you need to verify the email address you used during registration. Go to your Sporcle Settings to finish the process.

Report this User

Report this user for behavior that violates our Community Guidelines.

Details: